| 000 | 00589nam a22002057a 4500 | ||
|---|---|---|---|
| 003 | OSt | ||
| 005 | 20140311162959.0 | ||
| 008 | 130201t xxu||||| |||| 00| 0 eng d | ||
| 020 | _a9789712349270 | ||
| 050 |
_aLB 2369 _b.C164 2007 |
||
| 100 | _aCalmorin, Laurentina Paler | ||
| 245 |
_aResearch methods and thesis writing / _cCalmorin, Laurentina Paler, Calmorin, Melchor A. |
||
| 260 |
_aManila : _bRex Book Store, _c2007. |
||
| 300 |
_a400 p. : _c23 cm. |
||
| 521 | _aEDU | ||
| 650 | _aThesis writing | ||
| 700 | _aCalmorin, Melchor A. | ||
| 942 |
_2lcc _cBK _kLOC |
||
| 999 |
_c39135 _d39135 |
||